Statistics for Country Names - Vowels and Consonants alternating

Click here to take the quiz!

General Stats

  • This quiz has been taken 224 times
    (190 since last reset)
  • The average score is 16 of 34

Answer Stats

N OF LETTERS COUNTRY % Correct
6Canada
73%
5Japan
67%
4Peru
65%
4Mali
62%
4Iraq
61%
4Iran
61%
6Mexico
59%
4Togo
57%
4Oman
57%
6Panama
56%
4Cuba
54%
4Fiji
54%
5Sudan
52%
18United Arab Emirates
50%
5Yemen
50%
5Niger
47%
5Qatar
45%
5Nepal
45%
6Kosovo
43%
6Belize
42%
5Gabon
41%
6Malawi
40%
6Tuvalu
39%
8Suriname
39%
5Benin
39%
7Comoros
38%
8Kiribati
38%
7Belarus
37%
8Dominica
37%
7Senegal
37%
6Guyana
36%
6Monaco
35%
7Bahamas
34%
7Lebanon
29%

Score Distribution

Percentile by Number Answered

Percent of People with Each Score

Your Score History

You have not taken this quiz since the last reset